Формирователь тока возбуждения для вихретокового контроля; Разработка и исследование радиотехнических систем и устройств

書目詳細資料
Parent link:Разработка и исследование радиотехнических систем и устройств.— 1987.— С. 18
主要作者: Гольдштейн А. Е. Александр Ефремович
其他作者: Калганов С. А.
總結:В фонде НТБ ТПУ отсутствует
語言:俄语
出版: 1987
主題:
格式: Book Chapter
KOHA link:https://koha.lib.tpu.ru/cgi-bin/koha/opac-detail.pl?biblionumber=600777

MARC

LEADER 00000naa0a2200000 4500
001 600777
005 20250206091749.0
035 |a (RuTPU)RU\TPU\tpu\25316 
035 |a RU\TPU\tpu\25314 
090 |a 600777 
100 |a 20140622d1987 k y0rusy50 ca 
101 0 |a rus 
102 |a RU 
200 1 |a Формирователь тока возбуждения для вихретокового контроля  |f А. Е. Гольдштейн, С. А. Калганов 
333 |a В фонде НТБ ТПУ отсутствует 
463 |t Разработка и исследование радиотехнических систем и устройств  |o тезисы докладов областной научно-технической конференции  |v С. 18  |d 1987 
610 1 |a труды учёных ТПУ 
700 1 |a Гольдштейн  |b А. Е.  |c специалист в области неразрушающего контроля  |c профессор Томского политехнического университета, доктор технических наук  |f 1954-  |g Александр Ефремович  |3 (RuTPU)RU\TPU\pers\26406  |9 12110 
701 1 |a Калганов  |b С. А. 
801 1 |a RU  |b 63413507  |c 20140622 
801 2 |a RU  |b 63413507  |c 20140622  |g RCR 
942 |c BK